[Event "Prestwick Airport Major"]
[Site "Prestwick"]
[Date "2011.05.14"]
[Round "3"]
[White "Rough, Robert E"]
[Black "King, Chris"]
[Result "1-0"]
[WhiteElo "1642"]
[BlackElo "1140"]
[PlyCount "115"]
[EventDate "2011.05.15"]
[EventRounds "5"]
[EventCountry "SCO"]

1. e4 e5 2. Nf3 d6 3. d4 Bg4 4. dxe5 Bxf3 5. Qxf3 dxe5 6. Bc4 Qd7 7. O-O Nc6 8.
c3 Bd6 9. Be3 Nf6 10. Rd1 Qg4 11. Qxg4 Nxg4 12. Bg5 Be7 13. Bxe7 Nxe7 14. Nd2
O-O 15. Nf3 Nc6 16. Rd7 Rac8 17. Re1 Nf6 18. Rdd1 a6 19. b4 Rcd8 20. Bd5 Nxd5
21. exd5 Ne7 22. Rxe5 Ng6 23. Ree1 Rfe8 24. c4 Rxe1+ 25. Rxe1 f6 26. Kf1 Kf8
27. Nd4 Ne5 28. Ne6+ Ke7 29. Nxd8 Kxd8 30. c5 Nd3 31. Rb1 Kd7 32. d6 Ne5 33.
dxc7 Kxc7 34. Ke2 Kc6 35. a4 h5 36. f4 Nc4 37. Kd3 Kd5 38. b5 axb5 39. Rxb5 Na3
40. Rxb7 Kxc5 41. a5 Nb5 42. a6 Kc6 43. Rxb5 Kxb5 44. a7 Kc5 45. a8=Q Kd6 46.
Kd4 Ke6 47. f5+ Kf7 48. Qb7+ Kg8 49. Ke4 Kh7 50. Kf4 Kh6 51. h4 Kh7 52. g4 hxg4
53. Kxg4 Kh6 54. Qf7 Kh7 55. Kh5 Kh8 56. Qe7 Kh7 57. Qd7 Kg8 58. Kg6 1-0

[Event "Prestwick Airport Major"]
[Site "Prestwick"]
[Date "2011.05.14"]
[Round "3"]
[White "Thomas, Phil"]
[Black "Loughran, Robert"]
[Result "1-0"]
[WhiteElo "1811"]
[BlackElo "1581"]
[PlyCount "73"]
[EventDate "2011.05.15"]
[EventRounds "5"]
[EventCountry "SCO"]

1. e4 c5 2. Nf3 Nc6 3. d4 cxd4 4. Nxd4 d6 5. c4 Nf6 6. Nc3 g6 7. f3 Bd7 8. Be3
Bg7 9. Be2 O-O 10. O-O a6 11. Rc1 Rc8 12. b3 Nxd4 13. Bxd4 Bh6 14. f4 e5 15.
fxe5 Bxc1 16. Rxf6 dxe5 17. Bxe5 Be3+ 18. Kh1 Be6 19. Nd5 Bxd5 20. exd5 Qe7 21.
Bc3 Rce8 22. d6 Qd8 23. d7 Re6 24. Rf3 Bc5 25. Rd3 Be7 26. Bf3 Qc7 27. c5 Rd8
28. b4 Bf6 29. Bg4 Bxc3 30. Bxe6 fxe6 31. Qb3 Qe5 32. Qxc3 Qxc3 33. Rxc3 Rxd7
34. Kg1 Kf7 35. a3 Kf6 36. Kf2 e5 37. c6 1-0

[Event "Prestwick Airport Major"]
[Site "Prestwick"]
[Date "2011.05.14"]
[Round "3"]
[White "Weir, J Len"]
[Black "Baird, Clive H"]
[Result "0-1"]
[WhiteElo "1509"]
[BlackElo "1704"]
[PlyCount "101"]
[EventDate "2011.05.15"]
[EventRounds "5"]
[EventCountry "SCO"]

1. b4 e5 2. Bb2 d6 3. e3 g6 4. d4 Nd7 5. c4 Bg7 6. d5 Ngf6 7. Nd2 O-O 8. Ngf3
e4 9. Ng5 Re8 10. Qc2 Qe7 11. Be2 h6 12. Nh3 Ne5 13. Nf4 Bf5 14. O-O c6 15.
dxc6 bxc6 16. Rfd1 d5 17. c5 Rab8 18. a3 Bg4 19. h3 Bxe2 20. Nxe2 Nd3 21. Bc3
Nd7 22. Nd4 Bxd4 23. exd4 Qh4 24. Nf1 Kh7 25. Be1 f5 26. Qa4 Rb5 27. Qxa7 Re7
28. Qa8 Qf6 29. Bc3 f4 30. Nh2 h5 31. Ra2 Rb8 32. Qa4 Nf8 33. f3 Rbb7 34. fxe4
dxe4 35. Qb3 Qf5 36. Qc2 Ne6 37. Nf3 Nc7 38. Ne1 Nxe1 39. Bxe1 Nd5 40. Qe2 Ne3
41. Rc1 Nd5 42. Rb2 Nf6 43. b5 cxb5 44. Rxb5 Rxb5 45. Qxb5 Qg5 46. Qc4 f3 47.
g3 e3 48. Rc3 Ne4 49. Kh2 f2 50. Bxf2 exf2 51. h4 0-1

[Event "Prestwick Airport Major"]
[Site "Prestwick"]
[Date "2011.05.15"]
[Round "4"]
[White "Calder, John"]
[Black "Birnie, Alan J"]
[Result "1-0"]
[WhiteElo "1797"]
[BlackElo "1699"]
[PlyCount "39"]
[EventDate "2011.05.15"]
[EventRounds "5"]
[EventCountry "SCO"]

1. e4 c6 2. Nf3 d5 3. Nc3 dxe4 4. Nxe4 Nf6 5. Ng3 Bg4 6. Bc4 g6 7. Ne5 Qd4 8.
Bxf7+ Kd8 9. Nxg4 Nxg4 10. O-O Bg7 11. Be6 Nf6 12. c3 Qd6 13. Qb3 b6 14. d4
Nbd7 15. f4 h5 16. f5 Nd5 17. Ne4 Qc7 18. Ng5 Kc8 19. Bxd5 cxd5 20. Ne6 1-0

[Event "Prestwick Airport Major"]
[Site "Prestwick"]
[Date "2011.05.15"]
[Round "4"]
[White "Connor, Michael I"]
[Black "Glen, Hamish"]
[Result "1/2-1/2"]
[WhiteElo "1690"]
[BlackElo "1587"]
[PlyCount "111"]
[EventDate "2011.05.15"]
[EventRounds "5"]
[EventCountry "SCO"]

1. d4 d5 2. c4 c6 3. g3 dxc4 4. Bg2 Nf6 5. Nc3 Bg4 6. Nf3 Nbd7 7. a4 e6 8. O-O
Be7 9. e4 Bxf3 10. Bxf3 e5 11. d5 Nc5 12. Be3 Nb3 13. Rb1 Qc7 14. Qe2 Na5 15.
Rfd1 O-O 16. Bg2 Rfe8 17. f4 exf4 18. gxf4 Nxd5 19. exd5 Bc5 20. Qg4 Bxe3+ 21.
Kh1 Bxf4 22. dxc6 bxc6 23. Rd7 Qe5 24. Rf1 Rad8 25. Rxd8 Rxd8 26. Qxf4 Qxf4 27.
Rxf4 Rd2 28. Bxc6 Nxc6 29. Rxc4 Rd6 30. b4 g6 31. b5 Ne5 32. Rc8+ Kg7 33. Ne4
Rd4 34. Nc5 Rc4 35. Rc7 Kh6 36. a5 Nd3 37. Na6 Ra4 38. Rxa7 Rxa5 39. b6 Ne5 40.
b7 Nc6 41. Ra8 Ra1+ 42. Kg2 Ra2+ 43. Kf3 Rxh2 44. Rc8 Rb2 45. Rc7 Rb6 46. Nc5
Nd8 47. Rd7 Ne6 48. Ne4 Ng5+ 49. Nxg5 Kxg5 50. Rxf7 h5 51. Kg2 Kg4 52. Rg7 Rb2+
53. Kf1 g5 54. Rc7 h4 55. Rc4+ Kh5 56. Rc7 1/2-1/2

[Event "Prestwick Airport Major"]
[Site "Prestwick"]
[Date "2011.05.15"]
[Round "4"]
[White "Cunningham, Jim M"]
[Black "MacQueen, Andrew"]
[Result "1/2-1/2"]
[WhiteElo "1462"]
[BlackElo "1715"]
[PlyCount "82"]
[EventDate "2011.05.15"]
[EventRounds "5"]
[EventCountry "SCO"]

1. e4 c5 2. d4 cxd4 3. c3 dxc3 4. Nxc3 Nc6 5. Nf3 g6 6. Bc4 Bg7 7. O-O d6 8. h3
Nf6 9. a3 O-O 10. Qe2 a6 11. Rd1 Qc7 12. Bg5 e6 13. Bf4 Ne5 14. Nxe5 dxe5 15.
Bg5 Bd7 16. Rac1 Bc6 17. Ba2 Rac8 18. Qf3 Ne8 19. Qd3 h6 20. Bd8 Rxd8 21. Qxd8
Qxd8 22. Rxd8 Nf6 23. Rxf8+ Bxf8 24. f3 Bc5+ 25. Kh1 Bd4 26. Rc2 Nd7 27. b4 Kg7
28. Ne2 Ba7 29. Bb3 Nb6 30. g4 Nd7 31. Kg2 Nf6 32. Kg3 h5 33. Nc1 hxg4 34. hxg4
Bd4 35. Nd3 Nd7 36. Nb2 Nb6 37. Kg2 Kf6 38. Kg3 g5 39. Nd3 Nd7 40. Nb2 Nb6 41.
Nd3 Nd7 1/2-1/2

[Event "Prestwick Airport Major"]
[Site "Prestwick"]
[Date "2011.05.15"]
[Round "4"]
[White "Curran, Andrew D"]
[Black "Potts, David A"]
[Result "0-1"]
[WhiteElo "1458"]
[BlackElo "1477"]
[PlyCount "109"]
[EventDate "2011.05.15"]
[EventRounds "5"]
[EventCountry "SCO"]

1. d4 d5 2. Nf3 e6 3. e3 Nf6 4. Bd3 g6 5. O-O Bg7 6. Nbd2 O-O 7. b3 Nbd7 8. Bb2
b6 9. c4 Bb7 10. cxd5 Nxd5 11. Nc4 Re8 12. Rc1 Qb8 13. a3 c6 14. Nce5 Nxe5 15.
Nxe5 Bxe5 16. dxe5 c5 17. h4 Qd8 18. g3 Ne7 19. Qe2 Qd5 20. e4 Qd8 21. Rcd1 Qc7
22. h5 Nc6 23. Bb5 Red8 24. f4 Nd4 25. Bxd4 Rxd4 26. Rxd4 cxd4 27. h6 Qc3 28.
Qd3 Rc8 29. Rd1 Qxd3 30. Bxd3 Kf8 31. Kh2 Ke7 32. a4 f5 33. exf6+ Kxf6 34. e5+
Ke7 35. Bc4 Rd8 36. g4 Bf3 37. Rd2 Bxg4 38. Kg3 Bf5 39. Kf3 Kf8 40. Bd3 Ke7 41.
Ke2 Ke8 42. Rc2 Rd7 43. Rc6 Kd8 44. Bxf5 exf5 45. Kd3 Ke7 46. Rc8 Ke6 47. Re8+
Kd5 48. Rg8 Rc7 49. Rd8+ Ke6 50. Rd6+ Ke7 51. Rxd4 Rc1 52. Rc4 Rd1+ 53. Kc3 Rd7
54. Rc6 Rd1 55. Kb4 0-1

[Event "Prestwick Airport Major"]
[Site "Prestwick"]
[Date "2011.05.15"]
[Round "4"]
[White "Gillespie, David M"]
[Black "Deary, David"]
[Result "1/2-1/2"]
[WhiteElo "1844"]
[BlackElo "1530"]
[PlyCount "62"]
[EventDate "2011.05.15"]
[EventRounds "5"]
[EventCountry "SCO"]

1. e4 e5 2. Nc3 Nc6 3. g3 g6 4. Bg2 Bg7 5. Nge2 Nge7 6. O-O d6 7. d3 f5 8. f4
O-O 9. Be3 Be6 10. Qd2 Qd7 11. Rad1 fxe4 12. dxe4 a6 13. a3 Rad8 14. Kh1 Kh8
15. Kg1 Kg8 16. Nd5 Bg4 17. c4 Nxd5 18. cxd5 Ne7 19. Kh1 Kh8 20. Kg1 Kg8 21.
Rc1 Rc8 22. Kh1 Kh8 23. Kg1 Kg8 24. Nc3 Kh8 25. Kh1 Kg8 26. Kg1 Rcd8 27. Rf2
Rf7 28. Rcf1 Rdf8 29. Kh1 Kh8 30. Kg1 Kg8 31. b4 Nc8 1/2-1/2

[Event "Prestwick Airport Major"]
[Site "Prestwick"]
[Date "2011.05.15"]
[Round "4"]
[White "Livie, George W G"]
[Black "Monaghan, Mark"]
[Result "0-1"]
[WhiteElo "1618"]
[BlackElo "1675"]
[PlyCount "86"]
[EventDate "2011.05.15"]
[EventRounds "5"]
[EventCountry "SCO"]

1. c4 e5 2. g3 f5 3. Nc3 Nf6 4. Bg2 c6 5. d4 e4 6. Nh3 d5 7. cxd5 cxd5 8. Bf4
Bd6 9. Qb3 Nc6 10. e3 Na5 11. Qd1 O-O 12. Bf1 a6 13. Be2 b5 14. O-O Kh8 15. Be5
Bxe5 16. dxe5 Ng4 17. Nf4 Nxe5 18. Ncxd5 Nac4 19. Qd4 Nc6 20. Qc3 Bd7 21. Rad1
Ra7 22. Kg2 Nb6 23. Nxb6 Qxb6 24. Rd6 b4 25. Qd2 Qc7 26. Rc1 Qc8 27. Nd5 Qb8
28. Rdxc6 Bxc6 29. Rxc6 Rd8 30. Qc2 Qe5 31. Nxb4 a5 32. Rc8 Ra8 33. Rxd8+ Rxd8
34. Na6 f4 35. exf4 Qe8 36. a3 e3 37. fxe3 Qxe3 38. b4 axb4 39. Nxb4 Re8 40.
Bf3 Qe1 41. a4 Rd8 42. Nd3 Qa5 43. Qa2 Rd6 0-1

[Event "Prestwick Airport Major"]
[Site "Prestwick"]
[Date "2011.05.15"]
[Round "4"]
[White "Loughran, Robert"]
[Black "Mackay, Ian W"]
[Result "1-0"]
[WhiteElo "1581"]
[BlackElo "1554"]
[PlyCount "79"]
[EventDate "2011.05.15"]
[EventRounds "5"]
[EventCountry "SCO"]

1. d4 Nf6 2. Nf3 b6 3. g3 Bb7 4. Bg2 d5 5. c3 Nbd7 6. O-O e6 7. Bg5 Be7 8. Nbd2
h6 9. Bf4 c5 10. Rc1 O-O 11. Ne5 Nxe5 12. dxe5 Nd7 13. Nf3 c4 14. h4 f6 15. Bh3
Nc5 16. Nd4 f5 17. b4 cxb3 18. axb3 Qd7 19. b4 Na6 20. Qd2 Kh7 21. g4 g5 22.
hxg5 fxg4 23. Bxg4 Rxf4 24. g6+ Kg7 25. Qxf4 Rf8 26. Qg3 Nc7 27. Qh3 Bc8 28.
Kg2 Bg5 29. Ra1 a6 30. e3 Kxg6 31. f4 Bd8 32. Rh1 Rh8 33. Bh5+ Kh7 34. Kf3 Qe7
35. Rag1 Rg8 36. Rxg8 Kxg8 37. Nc6 Qf8 38. Rg1+ Kh8 39. Nxd8 Qxd8 40. Bf7 1-0

[Event "Prestwick Airport Major"]
[Site "Prestwick"]
[Date "2011.05.15"]
[Round "4"]
[White "Malkin, Jamie"]
[Black "Thomas, Phil"]
[Result "1/2-1/2"]
[WhiteElo "1618"]
[BlackElo "1811"]
[PlyCount "93"]
[EventDate "2011.05.15"]
[EventRounds "5"]
[EventCountry "SCO"]

1. e4 c5 2. Nf3 Nc6 3. Bb5 g6 4. Bxc6 bxc6 5. O-O Bg7 6. Re1 e5 7. d3 Ne7 8.
Nbd2 O-O 9. Nc4 Qc7 10. Bd2 d6 11. Qc1 f6 12. Bh6 Be6 13. b3 Rfd8 14. Bxg7 Kxg7
15. h3 g5 16. Ne3 Qd7 17. g4 Ng6 18. Nf5+ Bxf5 19. gxf5 Nf4 20. Kh2 Qf7 21. Ng1
Qh5 22. Qd1 Kh6 23. Qg4 Qxg4 24. hxg4 Kg7 25. Nh3 Nxh3 26. Kxh3 Rh8 27. Rh1 h5
28. gxh5 Rxh5+ 29. Kg4 Rxh1 30. Rxh1 Rd8 31. f3 d5 32. a3 a5 33. Rb1 Rh8 34. b4
Rb8 35. exd5 cxd5 36. b5 Rb6 37. a4 Kf7 38. c3 Kg7 39. Rd1 Rd6 40. Rb1 Rb6 41.
Re1 Kf7 42. Kh5 Rb8 43. Kg4 Rb6 44. Kg3 Rb8 45. Rd1 Rb6 46. Kf2 Rb8 47. Rc1
1/2-1/2

[Event "Prestwick Airport Major"]
[Site "Prestwick"]
[Date "2011.05.15"]
[Round "4"]
[White "McCurley, Arthur"]
[Black "Weir, J Len"]
[Result "1-0"]
[WhiteElo "1487"]
[BlackElo "1509"]
[PlyCount "103"]
[EventDate "2011.05.15"]
[EventRounds "5"]
[EventCountry "SCO"]

1. d4 Nf6 2. Nf3 e6 3. c4 b6 4. g3 Bb7 5. Bg2 d5 6. cxd5 Bxd5 7. O-O c5 8. dxc5
Bxc5 9. Nc3 O-O 10. Bg5 h6 11. Bxf6 Qxf6 12. Nxd5 exd5 13. Qxd5 Na6 14. Qb3
Rad8 15. Rad1 Qe7 16. e3 Qf6 17. a3 Be7 18. Nd4 Nc5 19. Qc2 Rc8 20. Qf5 Na4 21.
Qb5 Nc5 22. b4 a6 23. Qe2 Na4 24. Rc1 a5 25. Nc6 axb4 26. axb4 Bd6 27. Qd2 Be5
28. Nxe5 Qxe5 29. Rxc8 Rxc8 30. Qd7 Rc7 31. Qxa4 b5 32. Qa8+ Kh7 33. Qe4+ Qxe4
34. Bxe4+ g6 35. Bd3 Kg7 36. Rb1 Rb7 37. Kf1 Kf6 38. Ke2 Ke5 39. f4+ Ke6 40.
Kf3 Kd6 41. e4 Kc6 42. Rc1+ Kb6 43. Rc5 Ka6 44. e5 Rb6 45. Ke4 Rb7 46. g4 Rb6
47. f5 g5 48. Rd5 Rb7 49. e6 f6 50. Rd7 Rb6 51. e7 Rb8 52. Rd8 1-0

[Event "Prestwick Airport Major"]
[Site "Prestwick"]
[Date "2011.05.15"]
[Round "4"]
[White "Milton, Carl"]
[Black "Rough, Robert E"]
[Result "1/2-1/2"]
[WhiteElo "676"]
[BlackElo "1642"]
[PlyCount "45"]
[EventDate "2011.05.15"]
[EventRounds "5"]
[EventCountry "SCO"]

1. d4 Nf6 2. Nf3 g6 3. Bg5 Bg7 4. e3 d5 5. c4 c6 6. Nc3 O-O 7. Qc2 Re8 8. h3
Nbd7 9. cxd5 Nxd5 10. e4 Nxc3 11. bxc3 Qa5 12. Bd2 c5 13. Bd3 Qc7 14. O-O b6
15. Rac1 Bb7 16. Be3 e6 17. Qd2 Qc8 18. Bh6 Nf6 19. Bxg7 Kxg7 20. Rfe1 Rd8 21.
Qf4 Qd7 22. Qe3 Rac8 23. Red1 1/2-1/2

[Event "Prestwick Airport Major"]
[Site "Prestwick"]
[Date "2011.05.15"]
[Round "4"]
[White "Moore, Robin"]
[Black "Giulian, Rosie A"]
[Result "0-1"]
[WhiteElo "1581"]
[BlackElo "1822"]
[PlyCount "50"]
[EventDate "2011.05.15"]
[EventRounds "5"]
[EventCountry "SCO"]

1. e4 e6 2. Nf3 d5 3. e5 c5 4. b4 cxb4 5. a3 Nc6 6. axb4 Bxb4 7. c3 Ba5 8. d4
Nge7 9. Bd3 Qc7 10. O-O Bd7 11. Ba3 b6 12. Qb3 Qb7 13. Nbd2 h6 14. h4 a6 15.
Rfc1 Nc8 16. Rc2 b5 17. Rb1 Bb6 18. Qa2 Na5 19. Nb3 Nc4 20. Bxc4 dxc4 21. Nc5
Bxc5 22. Bxc5 Bc6 23. Ne1 Be4 24. Qxc4 bxc4 25. Rxb7 Bxb7 0-1

[Event "Prestwick Airport Major"]
[Site "Prestwick"]
[Date "2011.05.15"]
[Round "4"]
[White "Mulholland, Arthur L"]
[Black "Govan, Blair"]
[Result "1-0"]
[WhiteElo "1687"]
[BlackElo "1353"]
[PlyCount "69"]
[EventDate "2011.05.15"]
[EventRounds "5"]
[EventCountry "SCO"]

1. d4 Nf6 2. Nf3 d5 3. e3 Bg4 4. Nbd2 Nbd7 5. c4 e6 6. Qc2 c6 7. h3 Bf5 8. Bd3
Bxd3 9. Qxd3 Bd6 10. O-O O-O 11. Re1 Qc7 12. e4 dxe4 13. Nxe4 Nxe4 14. Rxe4 Nf6
15. Re2 Rad8 16. Qc3 Rd7 17. Bg5 Rfd8 18. Rae1 Bf4 19. Bxf4 Qxf4 20. Qa5 Qb8
21. Re5 h6 22. b4 Ne8 23. b5 b6 24. Qb4 cxb5 25. Qxb5 Nd6 26. Qb3 Nf5 27. d5 f6
28. Rxe6 Nd6 29. Nd4 Qc8 30. Nc6 Re8 31. Nxa7 Rxa7 32. Qxb6 Ree7 33. Rxe7 Rxe7
34. Rxe7 Nxc4 35. Qe6+ 1-0

[Event "Prestwick Airport Major"]
[Site "Prestwick"]
[Date "2011.05.15"]
[Round "4"]
[White "Murphy, George A A"]
[Black "Kleboe, James P R"]
[Result "1-0"]
[WhiteElo "1739"]
[BlackElo "1797"]
[PlyCount "99"]
[EventDate "2011.05.15"]
[EventRounds "5"]
[EventCountry "SCO"]

1. Nf3 d5 2. d4 Nf6 3. c4 c6 4. Nc3 e6 5. e3 Nbd7 6. Qc2 Bd6 7. Be2 O-O 8. O-O
h6 9. b3 b6 10. cxd5 exd5 11. Bb2 Bb7 12. Bd3 Re8 13. Nd2 Rc8 14. h3 c5 15.
Rae1 a6 16. Qb1 b5 17. dxc5 Nxc5 18. Bf5 Rc7 19. Ne2 Nce4 20. Rd1 Bb4 21. Nxe4
Nxe4 22. Bxe4 Qg5 23. Bf3 Rec8 24. Rd4 Bf8 25. Rg4 Qe7 26. Nd4 g6 27. Rg3 Kh7
28. Bh5 Qe4 29. Qxe4 dxe4 30. Bg4 Rd8 31. Be2 h5 32. h4 Bd6 33. Rh3 Bc8 34. Rh1
Be7 35. g3 Rd5 36. Kg2 Bf8 37. Rc1 Rxc1 38. Rxc1 Rc5 39. Rxc5 Bxc5 40. a4 bxa4
41. bxa4 Kg8 42. Nc6 Bd6 43. Be5 Bxe5 44. Nxe5 Kf8 45. Bc4 Ke7 46. Nxf7 a5 47.
Ne5 Kf6 48. Nc6 Bd7 49. Bb5 Ke6 50. Nxa5 1-0

[Event "Prestwick Airport Major"]
[Site "Prestwick"]
[Date "2011.05.15"]
[Round "4"]
[White "Pearson, Walter J"]
[Black "Forbes, Graeme"]
[Result "1-0"]
[WhiteElo "1505"]
[BlackElo "1367"]
[PlyCount "99"]
[EventDate "2011.05.15"]
[EventRounds "5"]
[EventCountry "SCO"]

1. e4 d5 2. exd5 Nf6 3. Bb5+ Bd7 4. Bc4 Bg4 5. f3 Bf5 6. Nc3 e5 7. dxe6 Bxe6 8.
Qe2 Qd7 9. Nh3 Be7 10. Bxe6 Qxe6 11. Nf4 Qxe2+ 12. Kxe2 O-O 13. Re1 Nc6 14. Kf1
Bd6 15. Nfe2 Rfe8 16. d3 Re6 17. Bf4 Rae8 18. Bxd6 Rxd6 19. Ne4 Nxe4 20. fxe4
Ne5 21. Nc3 Rf6+ 22. Kg1 Rb6 23. Rab1 Rc6 24. Re2 Rg6 25. Rf1 c6 26. b3 Rd8 27.
Re3 Rd4 28. h3 b5 29. Ne2 Rd8 30. d4 Nd7 31. Ref3 f6 32. Nf4 Rh6 33. c4 Re8 34.
Re1 g5 35. Nd3 Kg7 36. cxb5 cxb5 37. Rf5 a6 38. Nb4 Rh4 39. Nxa6 Rhxe4 40. Rxe4
Rxe4 41. Rxb5 Rxd4 42. Nb4 Rd6 43. Rd5 Rxd5 44. Nxd5 Nc5 45. Kf2 Kf7 46. Ke3
Ke6 47. Kd4 Nb7 48. b4 f5 49. a4 Kd6 50. a5 1-0

[Event "Prestwick Airport Major"]
[Site "Prestwick"]
[Date "2011.05.15"]
[Round "4"]
[White "Smalls, Jim A"]
[Black "Lampard, Stuart"]
[Result "1-0"]
[WhiteElo "1766"]
[BlackElo "1347"]
[PlyCount "84"]
[EventDate "2011.05.15"]
[EventRounds "5"]
[EventCountry "SCO"]

1. e4 e6 2. d3 d5 3. Nd2 c5 4. Ngf3 Nc6 5. g3 Bd6 6. Bg2 d4 7. O-O e5 8. Re1
Be6 9. Nf1 h6 10. h4 Qd7 11. c3 Nf6 12. Bd2 Nh7 13. a3 Be7 14. b4 a6 15. a4 f6
16. Rb1 g5 17. Rb2 Bg4 18. N1h2 Bh5 19. b5 Nd8 20. hxg5 hxg5 21. Nxe5 Bxd1 22.
Nxd7 Bxa4 23. Nb6 Rb8 24. Nxa4 a5 25. cxd4 cxd4 26. Nf3 Ne6 27. Bh3 Nhf8 28.
Bxe6 Nxe6 29. Nb6 Bc5 30. Nd5 Kf7 31. Bxa5 b6 32. Bd2 Rh5 33. Kf1 Ra8 34. Bb4
Rb8 35. Ke2 Kg6 36. Nd2 g4 37. Bxc5 bxc5 38. Ne7+ Kf7 39. Nf5 Rb6 40. Nc4 Rb8
41. Ra1 Ng5 42. Ra7+ Kg6 1-0

[Event "Prestwick Airport Major"]
[Site "Prestwick"]
[Date "2011.05.15"]
[Round "4"]
[White "Thomas, Daniel R"]
[Black "Barker, Luke"]
[Result "1-0"]
[WhiteElo "1431"]
[BlackElo "1644"]
[PlyCount "83"]
[EventDate "2011.05.15"]
[EventRounds "5"]
[EventCountry "SCO"]

1. f4 d5 2. e3 c5 3. b3 Nf6 4. Bb2 Nc6 5. Bb5 a6 6. Bxc6+ bxc6 7. Nf3 Bg4 8. h3
Bxf3 9. Qxf3 e6 10. Nc3 Rb8 11. O-O Be7 12. Na4 Qa5 13. d3 O-O 14. Rab1 c4 15.
Bxf6 Bxf6 16. dxc4 dxc4 17. Qxc6 Rfc8 18. Qe4 Rb4 19. Qf3 Rcb8 20. Rbd1 Qc7 21.
g4 cxb3 22. cxb3 h6 23. Rc1 Qa7 24. Nc5 Rc8 25. Ne4 Rd8 26. Nxf6+ gxf6 27. Rfd1
Re8 28. Kf2 e5 29. Qc6 Rxf4+ 30. Ke2 Re7 31. exf4 exf4+ 32. Kf1 Qe3 33. Qg2 f3
34. Qf2 Qe2+ 35. Kg1 Qb5 36. Qxf3 Re2 37. Qxf6 Re8 38. Rd8 Rxd8 39. Qxd8+ Kh7
40. Qf6 Qe8 41. Rf1 Qe3+ 42. Qf2 1-0

[Event "Prestwick Airport Major"]
[Site "Prestwick"]
[Date "2011.05.15"]
[Round "5"]
[White "Baird, Clive H"]
[Black "Malkin, Jamie"]
[Result "0-1"]
[WhiteElo "1704"]
[BlackElo "1618"]
[PlyCount "109"]
[EventDate "2011.05.15"]
[EventRounds "5"]
[EventCountry "SCO"]

1. e4 e5 2. Nf3 Nc6 3. Bc4 Bc5 4. c3 Nf6 5. d4 exd4 6. cxd4 Bb4+ 7. Nc3 Nxe4 8.
O-O Bxc3 9. bxc3 d5 10. Bb5 O-O 11. Qc2 Ne7 12. Ba3 Bf5 13. Bd3 Re8 14. Rab1 b6
15. Rfe1 Bg6 16. Ne5 Nd6 17. Nxg6 Nxg6 18. g3 Rxe1+ 19. Rxe1 Qd7 20. Kg2 Nf8
21. Bc1 c5 22. dxc5 bxc5 23. Be3 Qc6 24. f3 Re8 25. Bf2 Rxe1 26. Bxe1 c4 27.
Bf1 a5 28. Bf2 a4 29. Bd4 Qb5 30. Kf2 a3 31. Ke2 Ne6 32. Be5 Nb7 33. Kd2 f6 34.
Bd4 Nd6 35. Bh3 Nxd4 36. cxd4 Qb4+ 37. Qc3 Qxc3+ 38. Kxc3 Nb5+ 39. Kb4 Nxd4 40.
Kxa3 Kf7 41. Kb4 Ke7 42. Kc3 Nc6 43. a4 Kd6 44. f4 Kc5 45. Bd7 d4+ 46. Kd2 Na5
47. Bf5 h6 48. Bg6 Kb4 49. Be8 Nb3+ 50. Kd1 d3 51. Bb5 Nc5 52. Kd2 Nxa4 53.
Bxa4 Kxa4 54. Kc3 Ka3 55. h4 0-1

[Event "Prestwick Airport Major"]
[Site "Prestwick"]
[Date "2011.05.15"]
[Round "5"]
[White "Barker, Luke"]
[Black "Livie, George W G"]
[Result "0-1"]
[WhiteElo "1644"]
[BlackElo "1618"]
[PlyCount "90"]
[EventDate "2011.05.15"]
[EventRounds "5"]
[EventCountry "SCO"]

1. d4 Nf6 2. Bf4 d6 3. e3 Bf5 4. Nf3 Nbd7 5. h3 e5 6. Bg5 Be7 7. Nbd2 O-O 8.
Be2 e4 9. Nh2 d5 10. Bxf6 Nxf6 11. Ng4 Nd7 12. c3 c6 13. Qb3 b6 14. Nf1 Be6 15.
Qc2 c5 16. Ne5 Nxe5 17. dxe5 f6 18. exf6 Bxf6 19. Bg4 Qe7 20. Nh2 Bf7 21. Be2
d4 22. cxd4 cxd4 23. exd4 Bxd4 24. O-O Rac8 25. Qa4 Bxb2 26. Rab1 Ba3 27. Ng4
Bc5 28. Rbd1 Be8 29. Qb3+ Kh8 30. Ba6 Rc7 31. Qg3 Rd7 32. Rde1 Rd2 33. Qc3 Rxa2
34. Bc4 Ra3 35. Qb2 e3 36. Kh1 Bc6 37. fxe3 Qh4 38. Rxf8+ Bxf8 39. Rf1 Bc5 40.
Nh2 Rxe3 41. Bb5 Rxh3 42. Qe5 Rxh2+ 43. Qxh2 Qxh2+ 44. Kxh2 Bxb5 45. Rf7 h6 0-1

[Event "Prestwick Airport Major"]
[Site "Prestwick"]
[Date "2011.05.15"]
[Round "5"]
[White "Cunningham, Jim M"]
[Black "Gillespie, David M"]
[Result "1-0"]
[WhiteElo "1462"]
[BlackElo "1844"]
[PlyCount "77"]
[EventDate "2011.05.15"]
[EventRounds "5"]
[EventCountry "SCO"]

1. e4 c5 2. d4 cxd4 3. c3 dxc3 4. Nxc3 e6 5. Nf3 a6 6. Bc4 b5 7. Bb3 Bb7 8. a3
Bc5 9. O-O Ne7 10. Qe2 O-O 11. Rd1 Qc7 12. Bg5 f6 13. Bh4 Nbc6 14. Bg3 Ne5 15.
Kh1 N7g6 16. Rac1 Qc8 17. Nxe5 fxe5 18. Qg4 Nf4 19. Ne2 Nxe2 20. Rxd7 Nxg3+ 21.
hxg3 Qxd7 22. Bxe6+ Kh8 23. Bxd7 Bxf2 24. Bf5 Bb6 25. Qh5 Rxf5 26. Qxf5 Bd4 27.
Rc2 Rg8 28. b4 h6 29. g4 Be3 30. Rc7 Ba8 31. Rc8 Bb7 32. Rxg8+ Kxg8 33. Qxe5
Kh7 34. Qf5+ Kh8 35. e5 Bg5 36. e6 Bf6 37. Qg6 Bc6 38. Qf7 Bb2 39. e7 1-0

[Event "Prestwick Airport Major"]
[Site "Prestwick"]
[Date "2011.05.15"]
[Round "5"]
[White "Deary, David"]
[Black "Connor, Michael I"]
[Result "0-1"]
[WhiteElo "1530"]
[BlackElo "1690"]
[PlyCount "64"]
[EventDate "2011.05.15"]
[EventRounds "5"]
[EventCountry "SCO"]

1. e4 Nf6 2. e5 Nd5 3. Bc4 Nb6 4. Bb3 d5 5. d4 Bf5 6. Ne2 e6 7. Ng3 Bg6 8. Be3
N8d7 9. Nd2 Rc8 10. c3 c5 11. O-O cxd4 12. Bxd4 Bc5 13. Qg4 h5 14. Qh3 Qg5 15.
Nf3 Qh6 16. Qh4 Bd3 17. Rfd1 Be7 18. Qxh5 Qxh5 19. Nxh5 Be2 20. Nxg7+ Kf8 21.
Nxe6+ fxe6 22. Re1 Bxf3 23. gxf3 Kf7 24. f4 Rcg8+ 25. Kh1 Rh4 26. f5 Rgh8 27.
f6 Rxh2+ 28. Kg1 Bc5 29. Kf1 Bxd4 30. cxd4 R8h4 31. Rad1 Rf4 32. Rd2 Rh1+ 0-1

[Event "Prestwick Airport Major"]
[Site "Prestwick"]
[Date "2011.05.15"]
[Round "5"]
[White "Giulian, Rosie A"]
[Black "Lampard, Alice"]
[Result "1/2-1/2"]
[WhiteElo "1822"]
[BlackElo "1357"]
[PlyCount "95"]
[EventDate "2011.05.15"]
[EventRounds "5"]
[EventCountry "SCO"]

1. e4 c5 2. c3 e6 3. d4 d5 4. e5 Nc6 5. Nf3 Qb6 6. a3 c4 7. Nbd2 Be7 8. g3 f6
9. exf6 Nxf6 10. Bg2 Qc7 11. O-O O-O 12. Re1 Bd6 13. b3 cxb3 14. Qxb3 Bd7 15.
Bb2 Rae8 16. Rac1 Na5 17. Qa2 Rc8 18. Bh3 Rfe8 19. Ne5 b5 20. Nxd7 Qxd7 21. Re2
Nc6 22. Rce1 Nd8 23. Qb1 h6 24. Qd3 a6 25. f3 Qf7 26. Re3 Rc7 27. a4 Qd7 28.
axb5 axb5 29. Qe2 Kf7 30. Ra1 Qc6 31. Nb3 Qc4 32. Qd1 b4 33. cxb4 Qxb4 34. Ra6
Rc6 35. Rxc6 Nxc6 36. Qe2 Nd8 37. Nc1 Nd7 38. Rb3 Qa5 39. Bc3 Qa7 40. Kg2 Nc6
41. Qd3 Rb8 42. Rxb8 Qxb8 43. f4 g6 44. Bxe6+ Kxe6 45. Qxg6+ Nf6 46. f5+ Ke7
47. Qg7+ Ke8 48. Qxf6 1/2-1/2

[Event "Prestwick Airport Major"]
[Site "Prestwick"]
[Date "2011.05.15"]
[Round "5"]
[White "Govan, Blair"]
[Black "Forbes, Graeme"]
[Result "1-0"]
[WhiteElo "1353"]
[BlackElo "1367"]
[PlyCount "101"]
[EventDate "2011.05.15"]
[EventRounds "5"]
[EventCountry "SCO"]

1. e4 d5 2. exd5 Nf6 3. Bc4 Bg4 4. Nf3 Nxd5 5. O-O e6 6. d4 c6 7. c3 Nd7 8.
Nbd2 N7b6 9. Bb3 Be7 10. Ne4 O-O 11. Ng3 Bh4 12. h3 Bxf3 13. Qxf3 Qf6 14. Qe4
Bxg3 15. fxg3 Qe7 16. Bd2 Nd7 17. Bc2 f5 18. Qe2 N7f6 19. Rae1 Rae8 20. c4 Qd7
21. cxd5 Qxd5 22. Bb3 Qxd4+ 23. Kh2 Nd5 24. Bc3 Qc5 25. Qe5 Qe7 26. Bxd5 cxd5
27. Rf2 Rf7 28. Rfe2 Rf6 29. Qxd5 Qf7 30. Qe5 Rg6 31. Rd2 h6 32. Red1 Kh7 33.
Rd7 Re7 34. Qc7 f4 35. g4 Rxd7 36. Rxd7 Qf8 37. Rf7 Qg8 38. Be5 a6 39. Qxb7 Rg5
40. Bxf4 Rg6 41. Be5 Rg5 42. Bc3 e5 43. Kg3 h5 44. a3 Qd8 45. Qd7 Qb8 46. Qd3+
e4+ 47. Kh4 exd3 48. Kxg5 Qb5+ 49. Kh4 Qd5 50. Rxg7+ Kh6 51. g5+ 1-0